International express student's book intermediate
Na minha lista:
| Autor principal: | |
|---|---|
| Outros Autores: | |
| Formato: | Livro |
| Idioma: | inglês |
| Publicado em: |
Oxford
Oxford University Press
2005
|
| Edição: | interactive ed. |
| Colecção: | OXFORD business english
|
| Assuntos: | |
| Tags: |
Sem tags, seja o primeiro a adicionar uma tag!
|
MARC
| LEADER | 00000nam a2200000 4500 | ||
|---|---|---|---|
| 001 | 0149624 | ||
| 005 | 20230109114602.5 | ||
| 020 | |a 978-0-19-4574839-9 | ||
| 020 | |a 978-0-19-457483-9 | ||
| 020 | |a 978-0-19-459737-1 | ||
| 041 | 0 | |a eng | |
| 044 | |a GB | ||
| 245 | 1 | 0 | |a International express |b student's book intermediate |c Keith Harding, Liz Taylor |
| 250 | |a interactive ed. | ||
| 264 | 1 | |a Oxford |b Oxford University Press |c 2005 | |
| 300 | |a 152 s. |e DVD + Pocket book | ||
| 490 | 1 | |a OXFORD business english | |
| 830 | 0 | |a OXFORD business english | |
| 610 | 2 | 0 | |a jazykoveda |
| 610 | 2 | 0 | |a jazyky cudzie |
| 610 | 2 | 0 | |a obchod |
| 610 | 2 | 0 | |a podnikanie |
| 100 | 1 | |a Harding, Keith | |
| 700 | 1 | |a Taylor, Liz | |